| 000 | 00470pab a2200181 454500 | ||
|---|---|---|---|
| 008 | 180718b2006 xxu||||| |||| 00| 0 eng d | ||
| 100 | _aAregbeyen, Omo | ||
| 245 | _aPublic expenditure and economic growth in Africa | ||
| 260 | _c2006 | ||
| 300 | _ap.55-76. | ||
| 362 | _aJul | ||
| 650 | _aPublic expenditure - Africa | ||
| 650 | _aEconomic growth - Africa | ||
| 650 | _aEconomic growth | ||
| 773 | _aIndian Journal of Economics | ||
| 908 | _aN | ||
| 909 | _a73590 | ||
| 999 |
_c73590 _d73590 |
||